00388nam a2200145Ia 4500008004100000082002100041100001700062245003200079260002700111365000600138600001700144630003200161700001700193730003200210110201s9999 xx 000 0 und d bB10764aBAL 2541 aGoomer S. K. aThrone of King Vikramaditya bDreamland Publications b7 aGoomer S. K. aThrone of King Vikramaditya aGoomer S. K. aThrone of King Vikramaditya